[Event "FRA-ch U16"]
[Site "Calvi"]
[Date "2005.04.18"]
[Round "2"]
[White "Tannous, Cesar"]
[Black "Brethes, Francois"]
[Result "0-1"]
[WhiteElo "1880"]
[BlackElo "2161"]
[PlyCount "99"]
[EventDate "2005.04.??"]
[EventType "swiss"]
[EventRounds "9"]
[EventCountry "FRA"]
[SourceTitle "EXT 2006"]
[Source "ChessBase"]
[SourceDate "2005.11.24"]
[SourceVersion "1"]
[SourceVersionDate "2005.11.24"]
[SourceQuality "1"]

1. e4 b6 2. d4 Bb7 3. Bd3 e6 4. Nf3 c5 5. c3 Nf6 6. Qe2 Be7 7. h4 d5 8. e5 Ne4 9. Nbd2 Nxd2 10. Bxd2 h6 11. h5 Nc6 12. Rh3 a5 13. Rg3 Bf8 14. a4 Qc8 15. Be3 Ba6 16. Bxa6 Qxa6 17. Qxa6 Rxa6 18. Nd2 Ne7 19. dxc5 bxc5 20. Nb3 Nf5 21. Rf3 Nxe3 22. Rxe3 c4 23. Nd4 Bc5 24. Rg3 Bxd4 25. cxd4 Rb6 26. 0-0-0 Rg8 27. Kc2 Ke7 28. f4 Rgb8 29. Rb1 Kf8 30. Rf3 Rb4 31. Ra3 Kg8 32. g4 Rb3 33. Rxb3 Rxb3 34. Rg1 Rd3 35. g5 Kf8 36. g6 Rxd4 37. Rf1 fxg6 38. hxg6 Ke7 39. f5 Rg4 40. f6+ Kf8 41. fxg7+ Kxg7 42. Rf7+ Kxg6 43. Ra7 Kf5 44. Rxa5 Kxe5 45. Ra8 Rg1 46. a5 Ra1 47. b3 Ra2+ 48. Kc3 Ra3 49. a6 Rxb3+ 50. Kc2 0-1

[Event "Porticcio op 6th"]
[Site "Porticcio"]
[Date "2005.03.??"]
[Round "6"]
[White "Cristofari, Antoine"]
[Black "Tannous, Cesar"]
[Result "1/2-1/2"]
[WhiteElo "2129"]
[BlackElo "1880"]
[PlyCount "69"]
[EventDate "2005.03.??"]
[EventType "swiss"]
[EventRounds "7"]
[EventCountry "FRA"]
[SourceTitle "EXT 2007"]
[Source "ChessBase"]
[SourceDate "2006.11.23"]
[SourceVersion "1"]
[SourceVersionDate "2006.11.23"]
[SourceQuality "1"]

1. e4 c5 2. Nc3 g6 3. f4 Bg7 4. Nf3 Nc6 5. Bc4 e6 6. d3 Nge7 7. 0-0 0-0 8. Qe1 d5 9. exd5 exd5 10. Bb3 Na5 11. Nxd5 Nxd5 12. Bxd5 Re8 13. Ne5 Qxd5 14. Qxa5 b6 15. Qd2 Bxe5 16. fxe5 Rxe5 17. Re1 Bb7 18. Rxe5 Qxe5 19. Qf2 Re8 20. Bd2 Qe2 21. Rf1 Qxf2+ 22. Rxf2 f5 23. Kf1 Bc6 24. Bf4 Kf7 25. Rd2 a6 26. Bc7 b5 27. Bb6 c4 28. dxc4 bxc4 29. Ba5 Bb5 30. Bc3 Re7 31. Re2 Rxe2 32. Kxe2 Ke6 33. Ke3 Kd5 34. b3 cxb3 35. axb3 1/2-1/2

[Event "Porticcio op 6th"]
[Site "Porticcio"]
[Date "2005.03.??"]
[Round "7"]
[White "Tannous, Cesar"]
[Black "Have, Didier"]
[Result "1/2-1/2"]
[WhiteElo "1880"]
[BlackElo "1940"]
[PlyCount "153"]
[EventDate "2005.03.??"]
[EventType "swiss"]
[EventRounds "7"]
[EventCountry "FRA"]
[SourceTitle "EXT 2007"]
[Source "ChessBase"]
[SourceDate "2006.11.23"]
[SourceVersion "1"]
[SourceVersionDate "2006.11.23"]
[SourceQuality "1"]

1. e4 d6 2. d4 g6 3. f4 Bg7 4. Nf3 Bg4 5. Be3 Nc6 6. c3 e5 7. d5 Nb8 8. Be2 Nd7 9. 0-0 exf4 10. Bxf4 Bxf3 11. Bxf3 Be5 12. Bg4 Bxf4 13. Bxd7+ Qxd7 14. Rxf4 0-0-0 15. Qd4 Nh6 16. Qxa7 Qb5 17. Na3 Qa6 18. Qxa6 bxa6 19. Nc2 f5 20. Re1 Rhe8 21. exf5 Rxe1+ 22. Nxe1 Nxf5 23. Re4 h5 24. Nf3 Kd7 25. Nd4 Nxd4 26. Rxd4 Re8 27. Rd2 Re4 28. b3 c6 29. dxc6+ Kxc6 30. Kf2 g5 31. g3 h4 32. c4 hxg3+ 33. hxg3 g4 34. Rd5 Re6 35. Rd4 Rf6+ 36. Rf4 Rg6 37. b4 Kb6 38. Ke3 Re6+ 39. Re4 Rg6 40. a4 a5 41. bxa5+ Kxa5 42. Kd4 Kxa4 43. Kd5 Kb3 44. c5 dxc5 45. Kxc5 Kc3 46. Kd5 Rg5+ 47. Ke6 Kd3 48. Kf6 Rg8 49. Rf4 Ke3 50. Kf5 Rf8+ 51. Kxg4 Rg8+ 52. Kh3 Rh8+ 53. Kg2 Rg8 54. Ra4 Rh8 55. g4 Rf8 56. Kg3 Rg8 57. Ra5 Rg7 58. g5 Rf7 59. Kg4 Rf1 60. Re5+ Kd4 61. Re8 Rg1+ 62. Kf5 Rf1+ 63. Kg6 Kd5 64. Kg7 Rc1 65. g6 Kd6 66. Kf7 Rf1+ 67. Kg8 Rg1 68. g7 Rg2 69. Re1 Rh2 70. Rg1 Ke7 71. Re1+ Kd7 72. Re5 Kd6 73. Kf7 Rf2+ 74. Kg6 Kxe5 75. g8Q Rg2+ 76. Kf7 Rxg8 77. Kxg8 1/2-1/2